[Event "Ch France 2018 - Accession"]
[Site "?"]
[Date "2018.08.25"]
[Round "8.2"]
[White "Riff, Jean-Noel"]
[Black "Lagarde, Maxime"]
[Result "0-1"]
[BlackElo "2607"]
[WhiteElo "2510"]
[LiveChessVersion "1.4.4"]

1. e4 {[%clk 1:30:58]} e6 {[%clk 1:30:52]} 2. d4 {[%clk 1:31:23]} d5
{[%clk 1:31:19]} 3. Nd2 {[%clk 1:31:50]} h6 {[%clk 1:31:45]} 4. Ngf3
{[%clk 1:32:03]} Nf6 {[%clk 1:31:44]} 5. e5 {[%clk 1:32:30]} Nfd7
{[%clk 1:32:12]} 6. c4 {[%clk 1:32:58]} Nc6 {[%clk 1:25:45]} 7. Bd3
{[%clk 1:23:09]} b6 {[%clk 1:03:33]} 8. O-O {[%clk 1:19:13]} Nb4 {[%clk 1:01:00]}
9. Bb1 {[%clk 1:16:10]} dxc4 {[%clk 1:00:34]} 10. Nxc4 {[%clk 1:16:35]} Bb7
{[%clk 0:56:37]} 11. Re1 {[%clk 1:10:44]} b5 {[%clk 0:49:43]} 12. Ncd2
{[%clk 1:07:06]} c5 {[%clk 0:49:12]} 13. a3 {[%clk 1:07:02]} Nd5 {[%clk 0:49:09]}
14. Ne4 {[%clk 1:04:25]} c4 {[%clk 0:46:22]} 15. b3 {[%clk 1:00:16]} c3
{[%clk 0:25:03]} 16. Bd3 {[%clk 0:56:24]} Qb6 {[%clk 0:19:10]} 17. b4
{[%clk 0:48:22]} a5 {[%clk 0:19:27]} 18. bxa5 {[%clk 0:48:46]} Rxa5
{[%clk 0:19:03]} 19. Rb1 {[%clk 0:49:11]} Be7 {[%clk 0:18:08]} 20. Rb3
{[%clk 0:48:40]} O-O {[%clk 0:17:32]} 21. Qe2 {[%clk 0:41:07]} Rfa8
{[%clk 0:13:29]} 22. Nxc3 {[%clk 0:33:46]} Nxc3 {[%clk 0:08:19]} 23. Rxc3
{[%clk 0:33:59]} Bxa3 {[%clk 0:07:33]} 24. Bxa3 {[%clk 0:34:13]} Rxa3
{[%clk 0:07:57]} 25. Rxa3 {[%clk 0:34:37]} Rxa3 {[%clk 0:08:08]} 26. Bxb5
{[%clk 0:34:17]} Bxf3 {[%clk 0:07:54]} 27. gxf3 {[%clk 0:34:44]} Nf8
{[%clk 0:04:21]} 28. Rc1 {[%clk 0:33:17]} Qxd4 {[%clk 0:03:42]} 29. Rc8
{[%clk 0:33:31]} Rc3 {[%clk 0:01:58]} 30. Rxc3 {[%clk 0:32:31]} Qxc3
{[%clk 0:02:25]} 31. Bd3 {[%clk 0:32:47]} Nd7 {[%clk 0:02:02]} 32. Qe4
{[%clk 0:32:38]} Qxe5 {[%clk 0:02:16]} 33. Qa8+ {[%clk 0:32:59]} Qb8
{[%clk 0:02:25]} 0-1

[Event "Ch France 2018 - Accession"]
[Site "?"]
[Date "2018.08.25"]
[Round "8.3"]
[White "O'Sullivan, Thomas"]
[Black "Favarel, Julien"]
[Result "0-1"]
[BlackElo "2249"]
[WhiteElo "2293"]
[LiveChessVersion "1.4.4"]

1. d4 {[%clk 1:25:50]} d5 {[%clk 1:30:54]} 2. c4 {[%clk 1:25:52]} e6
{[%clk 1:31:20]} 3. Nc3 {[%clk 1:26:10]} Nf6 {[%clk 1:31:45]} 4. cxd5
{[%clk 1:26:14]} exd5 {[%clk 1:32:11]} 5. Bg5 {[%clk 1:26:37]} c6
{[%clk 1:32:36]} 6. e3 {[%clk 1:26:55]} Be7 {[%clk 1:32:59]} 7. Qc2
{[%clk 1:26:52]} Nbd7 {[%clk 1:33:16]} 8. Bd3 {[%clk 1:27:07]} h6
{[%clk 1:33:27]} 9. Bh4 {[%clk 1:27:06]} Nh5 {[%clk 1:33:40]} 10. Bxe7
{[%clk 1:27:17]} Qxe7 {[%clk 1:34:04]} 11. O-O-O {[%clk 1:25:48]} Nb6
{[%clk 1:33:59]} 12. h3 {[%clk 1:21:01]} Be6 {[%clk 1:33:16]} 13. Nf3
{[%clk 1:21:13]} O-O-O {[%clk 1:27:34]} 14. Kb1 {[%clk 1:21:20]} Kb8
{[%clk 1:25:55]} 15. Na4 {[%clk 1:21:22]} Nxa4 {[%clk 1:24:47]} 16. Qxa4
{[%clk 1:21:51]} Nf6 {[%clk 1:22:45]} 17. Rc1 {[%clk 1:16:29]} Nd7
{[%clk 1:13:06]} 18. Rc3 {[%clk 1:14:23]} Nb6 {[%clk 1:09:04]} 19. Qa5
{[%clk 1:10:41]} Qc7 {[%clk 1:06:02]} 20. Ra3 {[%clk 0:51:40]} Nc8
{[%clk 1:06:00]} 21. Qb4 {[%clk 0:48:42]} f6 {[%clk 0:53:11]} 22. Rc1
{[%clk 0:48:23]} Qb6 {[%clk 0:46:31]} 23. Qa4 {[%clk 0:38:34]} Bd7
{[%clk 0:45:40]} 24. Rb3 {[%clk 0:29:27]} Qc7 {[%clk 0:45:53]} 25. Qb4
{[%clk 0:29:45]} Nd6 {[%clk 0:42:35]} 26. Nd2 {[%clk 0:29:37]} Bf5
{[%clk 0:40:49]} 27. Bxf5 {[%clk 0:28:52]} Nxf5 {[%clk 0:41:18]} 28. Qa4
{[%clk 0:28:33]} Ne7 {[%clk 0:37:32]} 29. Ra3 {[%clk 0:28:26]} Nc8
{[%clk 0:37:32]} 30. Nb3 {[%clk 0:28:05]} Rhe8 {[%clk 0:31:56]} 31. Nc5
{[%clk 0:21:16]} Ka8 {[%clk 0:28:47]} 32. Rcc3 {[%clk 0:20:44]} Re7
{[%clk 0:26:55]} 33. g3 {[%clk 0:20:27]} Rd6 {[%clk 0:22:16]} 34. Rcb3
{[%clk 0:15:32]} b6 {[%clk 0:20:18]} 35. Nd3 {[%clk 0:10:18]} Qd7
{[%clk 0:18:40]} 36. h4 {[%clk 0:07:21]} Qf5 {[%clk 0:11:51]} 37. Rc3
{[%clk 0:06:49]} Rc7 {[%clk 0:12:11]} 38. Qc2 {[%clk 0:05:27]} g5
{[%clk 0:11:08]} 39. hxg5 {[%clk 0:02:51]} hxg5 {[%clk 0:11:32]} 40. Nb4
{[%clk 0:01:47]} Qxc2+ {[%clk 0:09:21]} 41. Rxc2 {[%clk 0:29:54]} Kb7
{[%clk 0:38:24]} 42. Rac3 {[%clk 0:25:22]} a5 {[%clk 0:16:31]} 43. Nd3
{[%clk 0:25:46]} Rdd7 {[%clk 0:16:42]} 44. f3 {[%clk 0:07:52]} Nd6
{[%clk 0:15:50]} 45. Rg2 {[%clk 0:06:58]} Nf5 {[%clk 0:12:45]} 46. Ne1
{[%clk 0:04:03]} Rh7 {[%clk 0:11:54]} 47. Kc1 {[%clk 0:03:18]} Rh1
{[%clk 0:09:29]} 48. Kd2 {[%clk 0:03:48]} Re7 {[%clk 0:09:38]} 49. g4
{[%clk 0:01:29]} Nxd4 {[%clk 0:05:55]} 50. Rc1 {[%clk 0:01:32]} Nb5
{[%clk 0:05:21]} 51. Nd3 {[%clk 0:01:30]} Rxc1 {[%clk 0:05:29]} 52. Nxc1
{[%clk 0:01:54]} Nd6 {[%clk 0:05:39]} 53. b3 {[%clk 0:02:08]} Rh7
{[%clk 0:05:42]} 54. Ne2 {[%clk 0:02:13]} c5 {[%clk 0:05:05]} 55. Ng3
{[%clk 0:02:03]} Rh3 {[%clk 0:04:33]} 56. Ke2 {[%clk 0:01:35]} Kc6
{[%clk 0:03:50]} 57. f4 {[%clk 0:01:01]} b5 {[%clk 0:02:25]} 58. fxg5
{[%clk 0:00:34]} fxg5 {[%clk 0:02:50]} 59. Nf5 {[%clk 0:00:38]} Ne4
{[%clk 0:02:52]} 60. Kd3 {[%clk 0:01:04]} Kd7 {[%clk 0:02:31]} 61. Ng7
{[%clk 0:01:08]} Kd6 {[%clk 0:02:33]} 62. Nf5+ {[%clk 0:01:18]} Ke5
{[%clk 0:02:14]} 63. Ne7 {[%clk 0:01:18]} Kd6 {[%clk 0:01:55]} 64. Nc8+
{[%clk 0:01:30]} Kd7 {[%clk 0:01:17]} 65. Na7 {[%clk 0:01:06]} Nd6
{[%clk 0:01:09]} 66. a4 {[%clk 0:01:13]} bxa4 {[%clk 0:01:15]} 67. bxa4
{[%clk 0:01:42]} d4 {[%clk 0:01:27]} 68. Re2 {[%clk 0:01:03]} Rxe3+ 0-1

[Event "Ch France 2018 - Accession"]
[Site "?"]
[Date "2018.08.25"]
[Round "8.4"]
[White "Bailet, Pierre"]
[Black "Duboue, Peio"]
[Result "1/2-1/2"]
[BlackElo "2390"]
[WhiteElo "2496"]
[LiveChessVersion "1.4.4"]

1. e4 {[%clk 1:30:49]} d5 {[%clk 1:30:46]} 2. exd5 {[%clk 1:31:06]} Qxd5
{[%clk 1:30:26]} 3. Nf3 {[%clk 1:30:30]} Bg4 {[%clk 1:30:10]} 4. Be2
{[%clk 1:30:43]} Nc6 {[%clk 1:30:30]} 5. h3 {[%clk 1:25:28]} Bh5 {[%clk 1:29:28]}
6. Nc3 {[%clk 1:23:52]} Qd7 {[%clk 1:27:42]} 7. O-O {[%clk 1:18:22]} O-O-O
{[%clk 1:25:34]} 8. b4 {[%clk 1:17:01]} Nf6 {[%clk 1:25:16]} 9. Rb1
{[%clk 1:14:53]} Bxf3 {[%clk 1:18:58]} 10. Bxf3 {[%clk 1:15:12]} Nd4
{[%clk 1:19:23]} 11. d3 {[%clk 1:12:23]} Qf5 {[%clk 1:18:51]} 12. Be2
{[%clk 1:12:31]} e6 {[%clk 1:15:59]} 13. Be3 {[%clk 1:11:48]} h5 {[%clk 1:01:03]}
14. a4 {[%clk 1:06:57]} Bd6 {[%clk 0:52:40]} 15. Bxd4 {[%clk 0:53:06]} Qf4
{[%clk 0:52:53]} 16. g3 {[%clk 0:53:28]} Qxd4 {[%clk 0:53:19]} 17. Nb5
{[%clk 0:53:50]} Qe5 {[%clk 0:51:47]} 18. Bf3 {[%clk 0:38:18]} h4
{[%clk 0:48:25]} 19. Re1 {[%clk 0:38:27]} Qg5 {[%clk 0:47:16]} 20. g4
{[%clk 0:38:04]} Qf4 {[%clk 0:44:47]} 21. Bg2 {[%clk 0:37:24]} Kb8
{[%clk 0:40:25]} 22. a5 {[%clk 0:33:52]} Nd5 {[%clk 0:36:40]} 23. Nxd6
{[%clk 0:28:47]} Rxd6 {[%clk 0:36:27]} 24. Rb3 {[%clk 0:26:10]} Qf6
{[%clk 0:28:51]} 25. b5 {[%clk 0:22:52]} Nf4 {[%clk 0:20:39]} 26. Qf3
{[%clk 0:22:34]} Nd5 {[%clk 0:18:53]} 27. Qe4 {[%clk 0:16:42]} Qf4
{[%clk 0:17:46]} 28. c4 {[%clk 0:14:29]} Qxe4 {[%clk 0:17:51]} 29. Rxe4
{[%clk 0:14:54]} Ne7 {[%clk 0:14:28]} 30. c5 {[%clk 0:14:43]} Rdd8
{[%clk 0:14:07]} 31. b6 {[%clk 0:09:43]} axb6 {[%clk 0:11:35]} 32. axb6
{[%clk 0:09:14]} cxb6 {[%clk 0:11:46]} 33. Rf4 {[%clk 0:06:23]} Rhf8
{[%clk 0:07:34]} 34. Rxb6 {[%clk 0:06:22]} Nd5 {[%clk 0:07:51]} 35. Bxd5
{[%clk 0:05:53]} Rxd5 {[%clk 0:08:18]} 36. c6 {[%clk 0:05:14]} Kc7
{[%clk 0:08:22]} 37. Rxb7+ {[%clk 0:05:20]} Kxc6 {[%clk 0:08:48]} 38. Rfxf7
{[%clk 0:05:28]} Rxf7 {[%clk 0:06:50]} 39. Rxf7 {[%clk 0:05:48]} Rxd3
{[%clk 0:07:10]} 40. Rxg7 {[%clk 0:04:22]} Rxh3 {[%clk 0:07:34]} 41. Rh7
{[%clk 0:02:17]} Kd5 {[%clk 0:07:28]} 42. Kg2 {[%clk 0:02:01]} Ra3
{[%clk 0:07:52]} 43. Rxh4 {[%clk 0:02:11]} Ke5 {[%clk 0:07:05]} 44. Rh3
{[%clk 0:29:56]} Ra4 {[%clk 0:37:28]} 45. Kg3 {[%clk 0:29:54]} Kf6
{[%clk 0:36:32]} 46. Rh6+ {[%clk 0:29:40]} Kg5 {[%clk 0:34:49]} 47. Rh5+
{[%clk 0:29:59]} Kg6 {[%clk 0:33:39]} 48. Rb5 {[%clk 0:29:36]} Kf6
{[%clk 0:26:58]} 49. f3 {[%clk 0:27:14]} Rc4 {[%clk 0:26:46]} 50. f4
{[%clk 0:18:25]} Rc1 {[%clk 0:20:45]} 51. g5+ {[%clk 0:17:22]} Kg6
{[%clk 0:20:53]} 52. Re5 {[%clk 0:17:23]} Kf7 {[%clk 0:20:34]} 53. Re3
{[%clk 0:17:36]} Rg1+ {[%clk 0:19:52]} 54. Kf3 {[%clk 0:17:58]} Ra1
{[%clk 0:18:59]} 55. Rd3 {[%clk 0:17:35]} Rf1+ {[%clk 0:16:18]} 56. Ke4
{[%clk 0:16:42]} Re1+ {[%clk 0:15:58]} 57. Re3 {[%clk 0:16:44]} Ra1
{[%clk 0:15:35]} 58. Rc3 {[%clk 0:16:09]} Re1+ {[%clk 0:14:47]} 59. Kd4
{[%clk 0:15:53]} Rd1+ {[%clk 0:14:39]} 60. Rd3 {[%clk 0:16:09]} Rf1
{[%clk 0:14:54]} 61. Ke4 {[%clk 0:14:11]} Re1+ {[%clk 0:15:19]} 62. Kf3
{[%clk 0:14:35]} Rf1+ {[%clk 0:15:23]} 63. Kg3 {[%clk 0:14:53]} Rg1+
{[%clk 0:15:30]} 64. Kf2 {[%clk 0:15:01]} Ra1 {[%clk 0:15:31]} 65. Rd7+
{[%clk 0:15:18]} Kg6 {[%clk 0:15:32]} 66. Re7 {[%clk 0:15:36]} Kf5
{[%clk 0:09:24]} 67. Rf7+ {[%clk 0:15:59]} Kg4 {[%clk 0:09:51]} 68. Ke3
{[%clk 0:11:42]} e5 {[%clk 0:08:45]} 69. fxe5 {[%clk 0:07:09]} Kxg5
{[%clk 0:09:11]} 70. Rf6 {[%clk 0:05:43]} Ra3+ {[%clk 0:07:12]} 71. Ke4 1/2-1/2

[Event "Ch France 2018 - Accession"]
[Site "?"]
[Date "2018.08.26"]
[Round "9.2"]
[White "Favarel, Julien"]
[Black "Monroy, Charles"]
[Result "1-0"]
[BlackElo "2428"]
[WhiteElo "2249"]
[LiveChessVersion "1.4.4"]

1. e4 {[%clk 1:30:57]} c5 {[%clk 1:30:35]} 2. Nf3 {[%clk 1:31:23]} e6
{[%clk 1:31:01]} 3. d4 {[%clk 1:31:49]} cxd4 {[%clk 1:31:27]} 4. Nxd4
{[%clk 1:32:16]} a6 {[%clk 1:31:53]} 5. c4 {[%clk 1:32:39]} Nf6 {[%clk 1:32:02]}
6. Nc3 {[%clk 1:33:05]} Qc7 {[%clk 1:32:16]} 7. Be2 {[%clk 1:33:29]} Bb4
{[%clk 1:30:14]} 8. Nc2 {[%clk 1:33:02]} Be7 {[%clk 1:19:31]} 9. f4
{[%clk 1:32:12]} d6 {[%clk 1:19:23]} 10. O-O {[%clk 1:32:03]} O-O
{[%clk 1:15:24]} 11. Qd3 {[%clk 1:30:30]} Nbd7 {[%clk 1:13:34]} 12. b4
{[%clk 1:30:34]} b6 {[%clk 1:12:39]} 13. Bb2 {[%clk 1:29:58]} Bb7
{[%clk 1:12:10]} 14. Rac1 {[%clk 1:29:40]} Rac8 {[%clk 1:10:53]} 15. a3
{[%clk 1:29:55]} Rfe8 {[%clk 1:09:19]} 16. g4 {[%clk 1:13:59]} h6
{[%clk 0:55:09]} 17. h4 {[%clk 1:12:25]} Nh7 {[%clk 0:53:15]} 18. g5
{[%clk 1:08:49]} hxg5 {[%clk 0:50:44]} 19. hxg5 {[%clk 1:09:15]} Ndf8
{[%clk 0:45:51]} 20. Ne3 {[%clk 0:57:31]} Qd8 {[%clk 0:34:52]} 21. Bg4
{[%clk 0:51:02]} Rb8 {[%clk 0:33:06]} 22. Rc2 {[%clk 0:45:43]} e5
{[%clk 0:23:07]} 23. Ncd5 {[%clk 0:32:58]} Ng6 {[%clk 0:22:20]} 24. Nf5
{[%clk 0:17:07]} Bf8 {[%clk 0:18:10]} 25. Qh3 {[%clk 0:14:07]} exf4
{[%clk 0:18:02]} 26. Rh2 {[%clk 0:03:53]} Nxg5 {[%clk 0:18:19]} 27. Qh5
{[%clk 0:02:56]} Bxd5 {[%clk 0:10:27]} 28. Rf3 {[%clk 0:02:49]} Bxe4
{[%clk 0:00:59]} 29. Rfh3 {[%clk 0:03:04]} Nxh3+ {[%clk 0:01:10]} 30. Rxh3
{[%clk 0:03:15]} Nh4 {[%clk 0:01:18]} 31. Nxh4 {[%clk 0:01:44]} Re5
{[%clk 0:00:59]} 32. Qh8+ {[%clk 0:02:00]} 1-0

[Event "Ch France 2018 - Accession"]
[Site "?"]
[Date "2018.08.26"]
[Round "9.3"]
[White "Mouhamad, Joachin"]
[Black "Joie, Sebastien"]
[Result "1-0"]
[BlackElo "2424"]
[WhiteElo "2194"]
[LiveChessVersion "1.4.4"]

1. e4 {[%clk 1:30:57]} e5 {[%clk 1:30:55]} 2. Bc4 {[%clk 1:31:21]} Nf6
{[%clk 1:30:02]} 3. d3 {[%clk 1:31:41]} Nc6 {[%clk 1:29:05]} 4. Nf3
{[%clk 1:32:03]} h6 {[%clk 1:29:20]} 5. O-O {[%clk 1:31:04]} d6 {[%clk 1:29:03]}
6. c3 {[%clk 1:30:42]} g5 {[%clk 1:27:32]} 7. Re1 {[%clk 1:28:50]} Bg7
{[%clk 1:25:47]} 8. d4 {[%clk 1:26:02]} Bg4 {[%clk 1:10:36]} 9. d5
{[%clk 1:16:33]} Ne7 {[%clk 1:05:58]} 10. Nbd2 {[%clk 1:16:31]} Ng6
{[%clk 1:03:21]} 11. a4 {[%clk 1:13:29]} Bh5 {[%clk 0:55:02]} 12. Bb5+
{[%clk 1:12:43]} Kf8 {[%clk 0:54:15]} 13. Nf1 {[%clk 1:06:49]} g4
{[%clk 0:50:42]} 14. N3d2 {[%clk 1:06:44]} g3 {[%clk 0:50:39]} 15. f3
{[%clk 1:06:36]} c6 {[%clk 0:48:29]} 16. Bc4 {[%clk 1:05:13]} gxh2+
{[%clk 0:48:06]} 17. Nxh2 {[%clk 1:02:00]} Nf4 {[%clk 0:48:01]} 18. Ndf1
{[%clk 0:27:45]} b5 {[%clk 0:42:38]} 19. axb5 {[%clk 0:26:29]} cxb5
{[%clk 0:43:07]} 20. Bd3 {[%clk 0:25:01]} Nd7 {[%clk 0:33:28]} 21. g3
{[%clk 0:24:04]} Nxd3 {[%clk 0:33:38]} 22. Qxd3 {[%clk 0:24:27]} a6
{[%clk 0:34:08]} 23. Be3 {[%clk 0:21:34]} Bf6 {[%clk 0:34:08]} 24. Ra2
{[%clk 0:21:07]} Bg5 {[%clk 0:33:49]} 25. Bf2 {[%clk 0:21:20]} Kg7
{[%clk 0:33:02]} 26. Rea1 {[%clk 0:21:41]} Qc8 {[%clk 0:33:31]} 27. Ne3
{[%clk 0:16:36]} Bg6 {[%clk 0:32:09]} 28. Nhf1 {[%clk 0:13:51]} h5
{[%clk 0:31:09]} 29. b4 {[%clk 0:13:25]} h4 {[%clk 0:30:22]} 30. g4
{[%clk 0:12:46]} Nf6 {[%clk 0:25:43]} 31. c4 {[%clk 0:12:05]} bxc4
{[%clk 0:25:59]} 32. Qxc4 {[%clk 0:12:23]} Qd7 {[%clk 0:25:50]} 33. Qc6
{[%clk 0:12:17]} Qe7 {[%clk 0:25:12]} 34. Rxa6 {[%clk 0:12:17]} Rxa6
{[%clk 0:25:09]} 35. Rxa6 {[%clk 0:12:45]} Ne8 {[%clk 0:20:46]} 36. Ra8
{[%clk 0:10:48]} h3 {[%clk 0:20:18]} 37. Qc8 {[%clk 0:06:33]} Bxe3
{[%clk 0:17:45]} 38. Nxe3 {[%clk 0:06:08]} Qg5 {[%clk 0:18:04]} 39. Qc1
{[%clk 0:05:11]} Kf6 {[%clk 0:15:45]} 40. Bg3 {[%clk 0:00:44]} h2+
{[%clk 0:09:53]} 41. Bxh2 {[%clk 0:20:36]} Rh3 {[%clk 0:37:44]} 42. Kg2
{[%clk 0:18:05]} Qh4 {[%clk 0:35:42]} 43. Nf1 {[%clk 0:16:38]} Bxe4
{[%clk 0:29:27]} 44. fxe4 {[%clk 0:16:56]} Qxg4+ {[%clk 0:29:49]} 45. Ng3
{[%clk 0:12:56]} Rh4 {[%clk 0:29:12]} 46. Qc8 {[%clk 0:12:00]} Qf4
{[%clk 0:27:56]} 47. Nh5+ {[%clk 0:12:04]} 1-0